| 000 | 00000nas 2200000za 4500 |
| 001 | 9.500946 |
| 003 | CaOODSP |
| 005 | 20221107132927 |
| 007 | cr ||||||||||| |
| 008 | 150406d20022015xxcqr p o||||f0 |0fre|d |
| 022 | # |a1719-5152 |
| 040 | |aCaOODSP|bfre |
| 043 | |an-cn-on |
| 086 | 1 |aNH12-39F-PDF |
| 245 | 00|aActualités habitation. |pWindsor |h[ressource électronique]. |
| 246 | 13|aHousing now. |pWindsor CMA |f4e trimestre de 2007--3e trimestre de 2015 |
| 260 | |a[Ottawa] : |bSociété canadienne d'hypothèques et de logement, |c[2002]--2015. |
| 310 | |aTrimestriel. |
| 362 | 1 |aNº 14 (1er trimestre 2002)--3e trimestre de 2015. |
| 500 | |a« Votre lien avec le marché de l'habitation ». |
| 500 | |aTitre de départ. |
| 500 | |aPublié aussi en anglais sous le titre : Housing now. Windsor. |
| 691 | 07|aDémographie|2gcpds |
| 691 | 07|aLogement|2gcpds |
| 691 | 07|aPrêt hypothécaire|2gcpds |
| 691 | 07|aPrix|2gcpds |
| 710 | 2 |aSociété canadienne d'hypothèques et de logement. |
| 775 | 08|tHousing now. |w(CaOODSP)9.504531 |
| 776 | 0#|tActualités habitation - Windsor |w(CaOODSP)9.513802 |
| 785 | 00|tActualités habitation, tableaux. |w(CaOODSP)9.807009 |
| 986 | |a64253 |